Máj kalendár Antona Mareca [2006]

Bibliographic Details
Main Author: Marec, Anton, 1953-2021 (Author)
Format: Article
Language:Slovak
Subjects:

MARC

LEADER 00000cab a2200000 ar4500
001 vtls008771347
003 SK-MaSNL
005 20260303071441.0
008 060608c2006 xo wr|p|||||||000 b|slo
038 |a PPPK 
040 |a PPPKCL  |b slo  |c PPPKCL  |e AACR2 
041 0 |a slo 
044 |a xo  |c SK 
080 |a 94(437.6)-051  |2 2001 
080 |a 94(691)-051  |2 2001 
080 |a 929 Beňovský, Moric  |2 2001 
100 1 |a Marec, Anton,  |d 1953-2021  |4 aut  |9 112978 
245 1 0 |a Máj  |b kalendár Antona Mareca [2006]  |c Anton Marec 
500 |a Životné osudy oboch manželov od roku 1773 - 1826 
600 1 7 |a Beňovský, Móric,  |d 1746-1786   |2 pppkcl  |9 93692 
600 1 7 |a Hönschová-Beňovská, Zuzana Anna,  |d 1747-1826  |2 pppkcl  |9 99134 
651 7 |a Spišská Sobota (Poprad, Slovensko)  |2 pppkcl  |9 54498 
651 7 |a Poprad (Slovensko)  |2 pppkcl  |9 20155 
655 7 |a biografie  |2 pppkcl  |9 27965 
655 7 |a eseje  |2 pppkcl  |9 57030 
773 0 |t Podtatranské noviny  |g Roč. XLVII, č. 18 (2006), s. 9 
852 |a PPPK  |b KIS3GCP 
958 |a BX 
999 |c 1759966  |d 1761896